| 000 | 01092fam a2200349 a 4500 | ||
|---|---|---|---|
| 001 | 1152274 | ||
| 003 | ARRUPE | ||
| 005 | 20150122172616.0 | ||
| 008 | 910618s1992 nyu b 001 0 eng | ||
| 010 | _a 91025307 | ||
| 020 | _a0195060237 | ||
| 035 | _a(OCoLC)24067861 | ||
| 035 | _a(OCoLC)ocm24067861 | ||
| 035 | _a(NNC)1152274 | ||
| 040 |
_aDLC _cDLC _dNNC |
||
| 050 | 0 | 0 |
_aBF711 _b.A33 1992 |
| 082 | 0 | 0 |
_a155.7 _220 |
| 245 | 0 | 4 |
_aThe Adapted mind : _bevolutionary psychology and the generation of culture / _cedited by Jerome H. Barkow, Leda Cosmides, John Tooby. |
| 260 |
_aNew York : _bOxford University Press, _c1992. |
||
| 263 | _a9112 | ||
| 300 |
_axii, 666 p. : _bill. ; _c23 cm. |
||
| 504 | _aIncludes bibliographical references and index. | ||
| 650 | 0 |
_aGenetic psychology. _912869 |
|
| 650 | 0 |
_aCognition and culture. _914408 |
|
| 650 | 0 |
_aBehavior evolution. _912871 |
|
| 650 | 0 |
_aSociobiology. _9768 |
|
| 700 | 1 |
_aBarkow, Jerome H. _914409 |
|
| 700 | 1 |
_aCosmides, Leda. _914410 |
|
| 700 | 1 |
_aTooby, John. _914411 |
|
| 942 |
_2lcc _cMONOGRAPH |
||
| 999 |
_c121820 _d121820 |
||